00559nam a2200193 a 4500001001300000003000900013005001700022008004100039020001000080082001700090100002000107245007600127260004400203300000900247500003500256505003800291650001600329700002000345nice12345678IN_TiNIC20260116013757.0050524s2000 newa grp 000 0 eng  ac87500a340.59bROS1 aRosen, Lawrence aJustice of Islamb Comparative Perspectives on Islamic Law and Society. aNew YorkbOxford University Pressc2000 a234p aincludes index and biblioraphy2 aStories of Muslim Lives in India. aIslamic-Law1 aRosen, Lawrence